Organizational Change (Record no. 18883)
[ view plain ]
| 000 -LEADER | |
|---|---|
| fixed length control field | 00416nam a22001817a 4500 |
| 005 - DATE AND TIME OF LATEST TRANSACTION | |
| control field | 20230811092637.0 |
| 008 - FIXED-LENGTH DATA ELEMENTS--GENERAL INFORMATION | |
| fixed length control field | 230706b |||||||| |||| 00| 0 eng d |
| 020 ## - INTERNATIONAL STANDARD BOOK NUMBER | |
| ISBN | 9788131727980 |
| 082 ## - DEWEY DECIMAL CLASSIFICATION NUMBER | |
| Classification number | 658.406 |
| Item number | SEN-O |
| 100 ## - MAIN ENTRY--AUTHOR | |
| Author Name | Barbara Senior |
| 245 ## - TITLE STATEMENT | |
| Title | Organizational Change |
| 250 ## - EDITION STATEMENT | |
| Edition statement | 3RD.ED |
| 300 ## - PHYSICAL DESCRIPTION | |
| Pages | 436 |
| 500 ## - GENERAL NOTE | |
| General note | INCLUDE INDEX |
| 650 ## - SUBJECT ADDED ENTRY--TOPICAL TERM | |
| Subject / Department | Management |
| 700 ## - ADDED ENTRY--PERSONAL NAME | |
| Personal name | Barbar Senior |
| 952 ## - LOCATION AND ITEM INFORMATION (KOHA) | |
| -- | 0 |
| -- | 0 |
| Lost status | Damaged status | Permanent Location | Current Location | Shelving Location | Date acquired | Full Call Number | Accession No./Barcode | Date last seen | item type |
|---|---|---|---|---|---|---|---|---|---|
| Superior Information Resource Center (SIRC) Superior University- Central Library | Superior Information Resource Center (SIRC) Superior University- Central Library | management | 07/06/2023 | 658.406 SEN-O 2010 | 5963 | 07/06/2023 | BOOK |
